[Event "De Verteuil Memorial 18th"]
[Site "Port of Spain"]
[Date "2010.10.21"]
[Round "2"]
[White "Harper, Ryan"]
[Black "Raphael, Christopher"]
[Result "1/2-1/2"]
[WhiteElo "2233"]
[BlackElo "1908"]
[PlyCount "47"]
[EventDate "2010.10.14"]
[EventType "swiss"]
[EventRounds "7"]
[EventCountry "TRI"]
[SourceTitle "EXT 2013"]
[Source "ChessBase"]
[SourceDate "2012.11.22"]
[SourceVersion "1"]
[SourceVersionDate "2012.11.22"]
[SourceQuality "1"]

1. e4 c5 2. Nf3 e6 3. d4 cxd4 4. Nxd4 a6 5. c4 Nf6 6. Nc3 Bb4 7. Qf3 Nc6 8. Nxc6 dxc6 9. Be2 Qd4 10. Bd2 0-0 11. 0-0-0 Bxc3 12. Bxc3 Qxe4 13. Qg3 Qxe2 14. Bxf6 Qxc4+ 15. Bc3 f6 16. Rd4 Qc5 17. f4 b5 18. Kb1 Qf5+ 19. Ka1 c5 20. Rd6 b4 21. Bd2 Rb8 22. Rc1 Rb7 23. Qe3 Rb5 24. Rc6 1/2-1/2